000 00288nam a2200109Ia 4500
082 _a796.3340968 VORS
245 0 _aVorster,Christiaan
100 _aThe real soccer fields of South Africa
_921421
942 _cBK
020 _a9780986975400"
008 210816s9999 xx 000 0 und d
999 _c90047
_d90046